000 01142nam0a2200277 4500
001 RU\NLR\ONL1\14754
005 20250613122134.0
035 _a(NLR Aleph) 009643495
090 _a9555983
_c9555983
100 _a20090716d1975 |||y0rusy50 ca
101 0 _amdf
102 _aRU
105 _aa |||||||||
200 9 _aНаблюдениянь дневник
_eприродать и ломанть трудовой деятельностенц мельге ваномс 2-це кл. тонафнихненди пособия
_fЕ. А. Валерьянова
205 _a3-це изд.
210 _aСаранск
_cМорд. кн. изд-вась
_d1975
215 _a63 с.
_cил.
_d22
541 1 _aДневник наблюдений, 2-й класс
_zrus
606 0 _aЕстествознание
_91049255
_3RU\NLR\auth\6687283
686 1 _aЕ06 я72
700 1 _4070
_7ca
_8rus
_aВалерьянова
_bЕ. А.
_f1885-1970
_gЕкатерина Александровна
_9244516
_3RU\NLR\AUTH\770244572
801 0 _aRU
_bNLR
_c20090716
_gPSBO
852 _aNLR
_bОНЛ
_jМорд.м./3-2355
942 _cBOOK
980 _aNB